000 00453 a2200157 4500
999 _c1873
_d1873
020 _a9788182800952
050 _aHF 5718 BAD 2008
100 _aBadi, R. V.
_eauthor
245 _aBusiness Communication
_cR. V. Badi and K Aruna
264 _aNew Dehli
_bVrinda Publications
_c2008
300 _axvi, 276p.:
_bill.
500 _aIncludes bibliography and index
650 _aCommunication
700 _aAruna, K.
_eauthor
942 _2lcc
_cBK
_h5718
_iBAD
_kHF